Movies by Death Quiz Stats

 Plays Quiz Updated Apr 30, 2019

Score 0/35 Timer 10:00
6 Plays Today
Death Movie % Correct
Eaten by a really big shark.Jaws
90.2%
Killed in a shower, with a knife.Psycho
89.1%
Killed by snakes on a plane.Snakes on a Plane
84.4%
Eaten by a dilophosaurus.Jurassic Park
83.4%
Thrown down steps after being possessed by a demon.The Exorcist
70.9%
Face melts off after opening the ark.Raiders of the Lost Ark
67.5%
Died after being forcibly unplugged from another world.The Matrix
63.4%
Dies from injuries in a chariot race.Ben-Hur
63%
Accidentally shot in the face, in a car.Pulp Fiction
55.1%
Forced to eat too much.Se7en
54.7%
Rode a bomb all the way to the ground.Dr. Strangelove
46.6%
Heart ripped out, while still alive.Indiana Jones and the Temple of Doom
45.4%
Falls from Nakatomi Plaza.Die Hard
44%
Killed by the Five Point Palm Exploding Heart TechniqueKill Bill: Vol. 2
43.4%
Lost Russian roulette.The Deer Hunter
42.7%
Allergic reaction to many bee stings.My Girl
37.2%
Surprised with an axe to the face, while listening to 'Hip to Be Square.'American Psycho
35.1%
Has a heart attack before a special 2-on-1 mud wrestling match.Old School
33.4%
Death Movie % Correct
Shot in the head with a captive bolt pistol.No Country For Old Men
31.7%
Fell from a bell tower.Vertigo
30%
Poisoned by iocane powder.The Princess Bride
29.7%
Falls off a pony.Gone with the Wind
29.7%
Beaten to death with a bowling pin.There Will Be Blood
29.3%
Crushed in the water by a falling smokestack.Titanic
29%
Euthanized with a pillowOne Flew Over the Cuckoo's Nest
28%
Poisoned by two sweet old ladies.Arsenic and Old Lace
27.8%
Shrunken, then stepped on by an alien.Mars Attacks!
21.8%
Strangled by a clothesline in the shower.Final Destination
20%
Head explodes after a telekinetic attack.Scanners
17.4%
Killed by a toilet dropped from a roof.The Boondock Saints
16.4%
Is fed rat poison by mistake.Dumb & Dumber
14.8%
Fed to baby birds.A Bug's Life
12.4%
Eaten by goblins after being turned partly into vegetation.Troll 2
10%
Ripped apart by a vampire, at a swimming pool.Let the Right One In
9.9%
Impaled through the body by thrown water, that froze into an ice shard.Mortal Kombat
9.8%

You're not logged in!

Compare scores with friends on all Sporcle quizzes.
OR
Log In

Sporcle TV

Today on Sporcle TV


Watch our educational content, quiz creation guides, and fun videos on Sporcle TV.

Show Comments

Extras

Top Quizzes Today


Score Distribution

Your Account Isn't Verified!

In order to create a playlist on Sporcle, you need to verify the email address you used during registration. Go to your Sporcle Settings to finish the process.

Report this User

Report this user for behavior that violates our Community Guidelines.

Details: